Internacionalizácia a deinternacionalizácia vybraných slovenských firiem diplomová práca

Uložené v:
Podrobná bibliografia
Hlavný autor: Ujlakyová, Sarah
Korporativný autor: Obchodná fakulta EU. Katedra medzinárodného obchodu
Ďalší autori: Ferenčíková, Soňa, 1960-
Médium: Kniha
Jazyk:Slovak
Vydavateľské údaje: Bratislava 2022
Tagy: Pridať tag
Žiadne tagy, Buďte prvý, kto otaguje tento záznam!

MARC

LEADER 00000nbm a2200000 4500
001 0284242
005 20221202104359.7
041 0 |a slo 
044 |a SK 
245 1 0 |a Internacionalizácia a deinternacionalizácia vybraných slovenských firiem  |b diplomová práca  |c Sarah Ujlakyová ; školiteľ: Soňa Ferenčíková 
264 1 |a Bratislava  |c 2022 
300 |a 102 s. 
100 1 |a Ujlakyová, Sarah 
700 1 |a Ferenčíková, Soňa, 1960- 
710 2 |a Obchodná fakulta EU. Katedra medzinárodného obchodu